Gender issues and women empowerment: (Record no. 152653)

MARC details
000 -LEADER
fixed length control field 00649nam a22001937a 4500
005 - DATE AND TIME OF LATEST TRANSACTION
control field 20180619153218.0
010 ## - LCCN (DPL NO)
LC control number ENG-123200
020 ## - INTERNATIONAL STANDARD BOOK NUMBER
International Standard Book Number 9788181523761
Terms of availability 1650.00
035 ## - SYSTEM CONTROL NUMBER
System control number EN-106732
037 ## - SOURCE OF ACQUISITION
Source of stock number/acquisition DBAD/PUB
082 ## - DEWEY DECIMAL CLASSIFICATION NUMBER
Classification number 305.420954
100 ## - MAIN ENTRY--PERSONAL NAME
Personal name Vyas, Ashutosh
245 ## - TITLE STATEMENT
Title Gender issues and women empowerment:
Statement of responsibility, etc by Ashutosh Vyas
Remainder of title dimensions and development
260 ## - PUBLICATION, DISTRIBUTION, ETC. (IMPRINT)
Place of publication, distribution, etc Jaipur
Name of publisher, distributor, etc Book Enclave
Date of publication, distribution, etc 2016
270 ## - ADDRESS
Address F-11,S.S. Tower, Dhamani Street, Chaura Rasta,
City Jaipur
Postal code 302003
Telephone number 9414443132
Electronic mail address bookenclave@yahoo.com
300 ## - PHYSICAL DESCRIPTION
Extent 268p.
Dimensions 22cm(Hb)
500 ## - GENERAL NOTE
General note It includes index
942 ## - ADDED ENTRY ELEMENTS (KOHA)
Source of classification or shelving scheme Dewey Decimal Classification
Item type English Books
Call number suffix VYA
Classification part 305.420954
Holdings
Withdrawn status Lost status Not for loan Collection code Home library Current library Date acquired Source of acquisition Cost, normal purchase price Full call number Barcode Copy number Cost, replacement price Koha item type
      Non-fiction Shahdara Branch Shahdara Branch 12/06/2018 DBAD/PUB 1650.00 305.420954 VYA EN-106732 1 1650.00 English Books

© Delhi Public Library
Hit Counter
free hit counter